| 000 | 00639cam a2200229 4500 | ||
|---|---|---|---|
| 001 | D4005 | ||
| 008 | 970304 1983 ad 1 | ||
| 020 | _a0741900443 | ||
| 035 | _a(Sirsi) u76068 | ||
| 041 | 0 | _aeng | |
| 050 | 0 | 4 | _a692.2 $2 18 |
| 100 | 1 | _aGarnham Wright, J. H. | |
| 245 | 0 | 0 |
_aBuilding control by legislation _bthe UK experience |
| 260 |
_aChicester _bJohn Wiley and Sons _c1983 |
||
| 300 | _aix, 243p. 23cm | ||
| 350 | _a19.95 | ||
| 490 |
_aWiley Theory and Practice of Building Control _v1 |
||
| 651 | 4 |
_aUnited Kingdom _y |
|
| 690 | _aBUILT ENVIRONMENT-BUILDING STANDARDS | ||
| 942 | _n0 | ||
| 948 | _c04/03/1997 | ||
| 999 |
_c96113 _d96113 |
||